000 01264nam a22002177a 4500
999 _c57558
_d57558
003 Ge_BSU
005 20200728134714.0
008 200728s2007ge xxu||||| |||| 00| 0 geo d
020 _a9994046845
041 _ageo
080 _a343 წ -39
100 _aწერეთელი, თინათინ.
_9816
245 _aსისხლის სამართლის პრობლემები :
_bტ. 2 /
_c თინათინ წერეთელი ; [სარედ. კოლ.: გიორგი ხუბუა (მთ. რედ.) [და სხვ.]
264 _aთბილისი :
_bმერიდიანი,
_c2007.
300 _a452 გვ.
_c21 სმ.
504 _aბიბლიოგრაფია ტექსტის შენიშვნებში.
653 _aსისხლის სამართალი
653 _aთანამონაწილეობა დანაშაულში -- დანაშაულის შემხებლობა -- დანაშაულებრივი ქმედობა და მისი შედეგი
700 _aხუბუა, : გიორგი
_eმთავარი რედაქტორი
_99074
942 _2udc
_cBK